[Event "Deutsche Ländermeisterschaft 2018"]
[Site "Würzburg GER"]
[Date "2018.10.05"]
[Round "5"]
[White "Ruhmke, Rebecca"]
[Black "Huppert, Anna"]
[Result "1/2-1/2"]
[Termination "normal"]
[Board "9.7"]
[WhiteElo "1399"]
[BlackElo "1498"]
[WhiteTeam "Hamburg"]
[BlackTeam "Saarland"]
[PlyCount "137"]
[WhiteFideId "16235991"]
[BlackFideId "16214439"]
[EventCountry "GER"]
[EventRounds "7"]
[EventType "team-swiss"]
[EventDate "2018.10.02"]

1.e4 e6 2.d4 d5 3.Nd2 Nf6 4.e5 Nfd7 5.Bd3 c5 6.c3 Nc6 7.Ne2 cxd4 8.cxd4 f6 9.f4
Qb6 10.Nf3 Be7 11.O-O fxe5 12.fxe5 Ndxe5 13.Bc2 Nxf3+ 14.Rxf3 Bf6 15.Ba4 O-O
16.Be3 Bd7 17.Bb3 Na5 18.Bf2 Bg5 19.Nc3 Nxb3 20.Rxf8+ Rxf8 21.axb3 Bc6 22.Qe2
Rf6 23.Qe5 Bf4 24.Qe2 Rh6 25.g3 Rg6 26.Re1 Bd6 27.Na4 Qxb3 28.Nc5 Bxc5 29.dxc5
Rf6 30.Bd4 Rg6 31.Qe5 Rf6 32.Rf1 Rxf1+ 33.Kxf1 Qf3+ 34.Kg1 Qf7 35.Qb8+ Qf8
36.Qxa7 Bb5 37.Bf2 Bc6 38.Qb6 Qe8 39.Qb4 e5 40.Qe1 d4 41.Kf1 Qh5 42.h4 Qf5
43.Qe2 Qh3+ 44.Ke1 Qh1+ 45.Kd2 Qd5 46.b4 Qa2+ 47.Ke1 Qb1+ 48.Qd1 Qxd1+ 49.Kxd1
Kf7 50.Kd2 Be4 51.Kc1 Ke6 52.Be1 Kd5 53.Bf2 Kc4 54.Be1 Bf5 55.Kd1 d3 56.Bd2 e4
57.Ke1 e3 58.Bxe3 Kxb4 59.Kd2 Kc4 60.Bf2 Kd5 61.Be3 Ke4 62.Bf2 Kf3 63.Be1 g6
64.Kc1 Ke2 65.Bd2 Kf3 66.Be1 Ke2 67.Bd2 Kf3 68.Be1 Ke2 69.Bd2 1/2-1/2

[Event "Deutsche Ländermeisterschaft 2018"]
[Site "Würzburg GER"]
[Date "2018.10.05"]
[Round "5"]
[White "Alhassan, Jodi"]
[Black "Hubert, Charlotte"]
[Result "1/2-1/2"]
[Termination "normal"]
[Board "9.8"]
[WhiteElo "1094"]
[BlackElo "1376"]
[WhiteTeam "Saarland"]
[BlackTeam "Hamburg"]
[PlyCount "42"]
[WhiteFideId "16250460"]
[BlackFideId "16265920"]
[EventCountry "GER"]
[EventRounds "7"]
[EventType "team-swiss"]
[EventDate "2018.10.02"]

1.e4 e5 2.Nf3 Nf6 3.Nxe5 d6 4.Nf3 Nxe4 5.Qe2 Qe7 6.d3 Nf6 7.Bg5 Qxe2+ 8.Bxe2
Be7 9.c4 O-O 10.O-O Re8 11.Nc3 Bf5 12.h3 Nbd7 13.b4 h6 14.Be3 Nb6 15.a4 Bf8
16.a5 Nbd7 17.Nb5 Rac8 18.Nxa7 Ra8 19.Nb5 Rac8 20.Na7 Ra8 21.Nb5 Rac8   1/2-1/2

[Event "Deutsche Ländermeisterschaft 2018"]
[Site "Würzburg GER"]
[Date "2018.10.05"]
[Round "5"]
[White "Silber, Kevin"]
[Black "Schmekel, Florian"]
[Result "1-0"]
[Termination "normal"]
[Board "10.1"]
[WhiteElo "2205"]
[BlackElo "2106"]
[WhiteTeam "SG Bremen / Niedersachsen"]
[BlackTeam "Mecklenburg-Vorpommern"]
[PlyCount "71"]
[WhiteFideId "12930440"]
[BlackFideId "12913456"]
[EventCountry "GER"]
[EventRounds "7"]
[EventType "team-swiss"]
[EventDate "2018.10.02"]

1.Nf3 c5 2.b3 Nc6 3.Bb2 e6 4.e3 Nf6 5.Be2 b6 6.O-O Bb7 7.d4 cxd4 8.exd4 d5
9.Nbd2 Be7 10.Ne5 O-O 11.f4 Rc8 12.c3 Ne8 13.Bd3 f5 14.Rf3 Nf6 15.Rh3 a6
16.Ndf3 Qe8 17.Ng5 Bd6 18.Qe2 h6 19.Nxc6 hxg5 20.fxg5 Ng4 21.Ne5 Bxe5 22.dxe5
Qe7 23.Rf1 Qxg5 24.Ba3 Rfe8 25.Bc1 Qe7 26.Bxf5 exf5 27.Rxf5 Qc5+ 28.Be3 Qxc3
29.Qxg4 Rxe5 30.Qh4 Rxf5 31.Qh7+ Kf8 32.Qxf5+ Qf6 33.Qxf6+ gxf6 34.Rh7 d4
35.Bh6+ Ke8 36.Rxb7   1-0

[Event "Deutsche Ländermeisterschaft 2018"]
[Site "Würzburg GER"]
[Date "2018.10.05"]
[Round "5"]
[White "Fromm, Marius"]
[Black "Steffens, Oliver"]
[Result "1/2-1/2"]
[Termination "normal"]
[Board "10.2"]
[WhiteElo "2022"]
[BlackElo "1960"]
[WhiteTeam "Mecklenburg-Vorpommern"]
[BlackTeam "SG Bremen / Niedersachsen"]
[PlyCount "116"]
[WhiteFideId "12993190"]
[BlackFideId "12947148"]
[EventCountry "GER"]
[EventRounds "7"]
[EventType "team-swiss"]
[EventDate "2018.10.02"]

1.Nf3 c5 2.c4 e6 3.g3 Nc6 4.Bg2 Nf6 5.Nc3 d5 6.cxd5 exd5 7.d4 Be7 8.O-O O-O
9.dxc5 d4 10.Na4 Ne4 11.a3 Nxc5 12.Nxc5 Bxc5 13.b4 Bb6 14.Bb2 a6 15.Qd2 Qd6
16.Rfd1 Rd8 17.Rac1 Be6 18.Ng5 Bb3 19.Re1 Bd5 20.Ne4 Qe7 21.Nc5 Bxg2 22.Kxg2 a5
23.Na4 Bc7 24.b5 Ne5 25.Nc5 Bb6 26.Na4 Qd6 27.Nxb6 Qxb6 28.a4 Qe6 29.Ba1 Qb3
30.Qc2 Qd5+ 31.Kg1 d3 32.Qd2 dxe2 33.Qxd5 Rxd5 34.Rxe2 Nd3 35.Rd1 Rad8 36.Red2
Nf4 37.Rxd5 Rxd5 38.Rxd5 Nxd5 39.Bd4 g6 40.Kf1 Kf8 41.Ke2 Ke7 42.Bc5+ Ke6
43.Kd3 f5 44.Kd4 g5 45.h3 h5 46.Ba3 Nb6 47.Bc1 g4 48.hxg4 hxg4 49.Bd2 Nxa4
50.Bxa5 b6 51.Bd2 Nc5 52.Kc4 Ke5 53.Be3 Nd7 54.Bd4+ Ke4 55.Be3 Ne5+ 56.Kc3 Nd7
57.Kc4 Ne5+ 58.Kc3 Nd7   1/2-1/2

[Event "Deutsche Ländermeisterschaft 2018"]
[Site "Würzburg GER"]
[Date "2018.10.05"]
[Round "5"]
[White "Schumann, Rabea"]
[Black "Mönster, Madita"]
[Result "1/2-1/2"]
[Termination "normal"]
[Board "10.4"]
[WhiteElo "1903"]
[BlackElo "1857"]
[WhiteTeam "Mecklenburg-Vorpommern"]
[BlackTeam "SG Bremen / Niedersachsen"]
[PlyCount "126"]
[WhiteFideId "12918199"]
[BlackFideId "12947156"]
[EventCountry "GER"]
[EventRounds "7"]
[EventType "team-swiss"]
[EventDate "2018.10.02"]

1.c4 Nf6 2.g3 e5 3.Bg2 c6 4.d4 e4 5.Nc3 d5 6.Bg5 Nbd7 7.e3 Be7 8.Nge2 h6 9.Bxf6
Nxf6 10.cxd5 cxd5 11.Qa4+ Bd7 12.Qb3 Bc6 13.O-O O-O 14.Rad1 Qd7 15.f3 exf3
16.Rxf3 Ne4 17.Rff1 f5 18.Nxe4 fxe4 19.Bxe4 Kh8 20.Bc2 Bf6 21.Nf4 Rfe8 22.Qd3
Re4 23.Qe2 Bb5 24.Qh5 Bxf1 25.Bxe4 dxe4 26.Rxf1 Rc8 27.Nd5 Bg5 28.Qf7 Qxf7
29.Rxf7 Rc1+ 30.Rf1 Rc2 31.Rf2 Rc1+ 32.Kg2 Re1 33.Rf8+ Kh7 34.Kf2 Rb1 35.h4
Rxb2+ 36.Kf1 Bf6 37.Rf7 Kg6 38.Rd7 Rxa2 39.Rxb7 a5 40.Nc3 Ra3 41.Nxe4 Rxe3
42.Nxf6 Kxf6 43.g4 Rg3 44.Rb6+ Kf7 45.Rb7+ Kg8 46.d5 Rxg4 47.d6 Rd4 48.d7 Kh7
49.h5 a4 50.Ra7 a3 51.Ke2 a2 52.Rxa2 Rxd7 53.Ra5 Rf7 54.Ke3 g6 55.hxg6+ Kxg6
56.Ke2 h5 57.Ra3 Kg5 58.Rf3 Rb7 59.Kf2 h4 60.Kg2 Kg4 61.Ra3 Rb2+ 62.Kh1 h3
63.Kg1 h2+   1/2-1/2

[Event "Deutsche Ländermeisterschaft 2018"]
[Site "Würzburg GER"]
[Date "2018.10.05"]
[Round "5"]
[White "Block, Timo"]
[Black "Focke, Adrian"]
[Result "0-1"]
[Termination "normal"]
[Board "10.5"]
[WhiteElo "1777"]
[BlackElo "1804"]
[WhiteTeam "SG Bremen / Niedersachsen"]
[BlackTeam "Mecklenburg-Vorpommern"]
[PlyCount "104"]
[WhiteFideId "16201116"]
[BlackFideId "12969869"]
[EventCountry "GER"]
[EventRounds "7"]
[EventType "team-swiss"]
[EventDate "2018.10.02"]

1.e4 c5 2.c3 Nf6 3.e5 Nd5 4.d4 cxd4 5.cxd4 e6 6.Nf3 d6 7.a3 Bd7 8.Bd3 Bc6 9.O-O
Nd7 10.b4 a6 11.Bd2 Rc8 12.Qe2 dxe5 13.dxe5 Be7 14.Rc1 O-O 15.h4 Qc7 16.Bg5
Bxg5 17.Bxh7+ Kh8 18.Nxg5 Nf4 19.Qd2 Qxe5 20.Nc3 f6 21.Re1 Qc7 22.Nxe6 Nxe6
23.Bf5 Qf4 24.Qd3 Ne5 25.Qh3 Bd7 26.Ne2 Qc4 27.Rac1 Qd5 28.Rcd1 Qc6 29.f4 Nc4
30.Qg4 Be8 31.Bxe6 f5 32.Qf3 Qxe6 33.Nd4 Qb6 34.Kh2 Bf7 35.Nxf5 Qf6 36.Qg4 Rfe8
37.Rxe8+ Rxe8 38.Rd4 Ne3 39.Nxe3 Rxe3 40.Rd2 Be6 41.Qh5+ Kg8 42.g3 Bf7 43.Qc5
Qc3 44.Qd6 Rxg3 45.Qd8+ Kh7 46.Qd7 Re3 47.Rg2 Be6 48.Qd1 Rh3+ 49.Kg1 Rxh4
50.Qe2 Qc1+ 51.Kf2 Qxf4+ 52.Kg1 Bd5   0-1

[Event "Deutsche Ländermeisterschaft 2018"]
[Site "Würzburg GER"]
[Date "2018.10.05"]
[Round "5"]
[White "Weidenhöfer, Max"]
[Black "Puls, Luisa"]
[Result "0-1"]
[Termination "normal"]
[Board "10.7"]
[WhiteElo "1580"]
[BlackElo "1456"]
[WhiteTeam "SG Bremen / Niedersachsen"]
[BlackTeam "Mecklenburg-Vorpommern"]
[PlyCount "138"]
[WhiteFideId "16230566"]
[BlackFideId "16266005"]
[EventCountry "GER"]
[EventRounds "7"]
[EventType "team-swiss"]
[EventDate "2018.10.02"]

1.e4 c5 2.Nf3 d6 3.d4 cxd4 4.Nxd4 Nf6 5.Nc3 g6 6.Be3 Bg7 7.f3 O-O 8.Qd2 Nc6
9.O-O-O Nxd4 10.Bxd4 Be6 11.h4 Qa5 12.Kb1 Rfc8 13.a3 a6 14.Qf2 Rc6 15.h5 b5
16.hxg6 hxg6 17.Qh4 Rb8 18.Nd5 Bxd5 19.exd5 Rc7 20.Be3 Qa4 21.Qxa4 bxa4 22.c4
Nh5 23.Bd4 Ng3 24.Rg1 Nxf1 25.Rgxf1 Rxc4 26.Bxg7 Kxg7 27.Rd3 Rb3 28.Rd2 Kf6
29.Re1 Rb5 30.Red1 Rbc5 31.Rd4 Ke5 32.Rxc4 Rxc4 33.Re1+ Kf6 34.g4 g5 35.Re3 Rd4
36.Kc2 Rxd5 37.Re4 Rc5+ 38.Kd3 Rb5 39.Kc3 Rb3+ 40.Kc2 Rxf3 41.Rxa4 Rf4 42.Rxa6
Rxg4 43.b4 Rg2+ 44.Kd3 Ke5 45.b5 Rg3+ 46.Kc4 d5+ 47.Kc5 d4 48.b6 Rb3 49.Ra5 Ke6
50.Kxd4 Rxb6 51.Rxg5 Ra6 52.Rg3 Ra4+ 53.Kc5 f5 54.Kb5 Ra8 55.Re3+ Kd5 56.a4
Rb8+ 57.Ka6 Ra8+ 58.Kb5 e5 59.Rc3 f4 60.Rc5+ Kd4 61.Rc4+ Kd3 62.Rc5 e4 63.a5 f3
64.Rf5 Ke2 65.Rc5 f2 66.Rc2+ Kf3 67.Rc3+ e3 68.Rc1 e2 69.Rc3+ Kg2   0-1

[Event "Deutsche Ländermeisterschaft 2018"]
[Site "Würzburg GER"]
[Date "2018.10.05"]
[Round "5"]
[White "Breß, Amy Charlize"]
[Black "Zöllner, Bente"]
[Result "1/2-1/2"]
[Termination "normal"]
[Board "10.8"]
[WhiteElo "1464"]
[BlackElo "1354"]
[WhiteTeam "Mecklenburg-Vorpommern"]
[BlackTeam "SG Bremen / Niedersachsen"]
[PlyCount "80"]
[WhiteFideId "16233786"]
[BlackFideId "16230523"]
[EventCountry "GER"]
[EventRounds "7"]
[EventType "team-swiss"]
[EventDate "2018.10.02"]

1.e4 c5 2.Nf3 Nc6 3.d4 cxd4 4.Nxd4 Nf6 5.Nc3 e5 6.Ndb5 d6 7.Bg5 a6 8.Na3 b5
9.Nd5 Be7 10.Bxf6 Bxf6 11.c3 Ne7 12.Nc2 Bb7 13.Nce3 O-O 14.Be2 Bg5 15.Nxe7+
Bxe7 16.Nd5 Rc8 17.O-O Re8 18.Qd2 Bxd5 19.Qxd5 Rc5 20.Qd2 d5 21.exd5 Rxd5
22.Qe1 Qd7 23.Rd1 Rxd1 24.Qxd1 Rd8 25.Qxd7 Rxd7 26.Rd1 Rxd1+ 27.Bxd1 f5 28.Be2
Kf7 29.c4 b4 30.c5 Bxc5 31.Bxa6 Bd4 32.a3 bxa3 33.bxa3 e4 34.Kf1 f4 35.Ke2 Ke6
36.a4 Bc3 37.h3 Ke5 38.Bb5 g5 39.Be8 Kd5 40.Bb5 h6   1/2-1/2

[Event "Deutsche Ländermeisterschaft 2018"]
[Site "Würzburg GER"]
[Date "2018.10.06"]
[Round "6"]
[White "Gschnitzer, Adrian"]
[Black "Ewert, Hannes"]
[Result "1-0"]
[Termination "normal"]
[Board "1.1"]
[BlackTitle "FM"]
[WhiteElo "2353"]
[BlackElo "2314"]
[WhiteClock "00:33:34"]
[BlackClock "00:01:34"]
[WhiteTeam "Baden 1"]
[BlackTeam "Niedersachsen"]
[PlyCount "95"]
[WhiteFideId "1270337"]
[BlackFideId "12961574"]
[EventCountry "GER"]
[EventRounds "7"]
[EventType "team-swiss"]
[EventDate "2018.10.02"]

1. c4 {[%clk 1:30:55]} c5 {[%clk 1:30:37]} 2. Nf3 {[%clk 1:31:03]} g6 {[%clk
1:29:54]} 3. d4 {[%clk 1:31:01]} cxd4 {[%clk 1:29:09]} 4. Nxd4 {[%clk 1:31:23]}
Bg7 {[%clk 1:29:23]} 5. e4 {[%clk 1:31:33]} Nc6 {[%clk 1:29:14]} 6. Be3 {[%clk
1:31:47]} Nf6 {[%clk 1:28:38]} 7. Nc3 {[%clk 1:32:07]} d6 {[%clk 1:28:13]} 8.
Be2 {[%clk 1:31:40]} Bd7 {[%clk 1:27:13]} 9. O-O {[%clk 1:31:44]} Nxd4 {[%clk
1:26:59]} 10. Bxd4 {[%clk 1:32:03]} Bc6 {[%clk 1:27:23]} 11. Qc2 {[%clk
1:31:27]} a5 {[%clk 1:24:52]} 12. Rad1 {[%clk 1:29:50]} Qc7 {[%clk 1:22:34]}
13. Nd5 {[%clk 1:23:00]} Bxd5 {[%clk 1:22:42]} 14. exd5 {[%clk 1:23:21]} O-O
{[%clk 1:22:29]} 15. b3 {[%clk 1:21:43]} b5 {[%clk 1:17:56]} 16. c5 {[%clk
1:19:31]} dxc5 {[%clk 1:00:28]} 17. Qxc5 {[%clk 1:18:47]} Qxc5 {[%clk 0:35:34]}
18. Bxc5 {[%clk 1:18:48]} Rfd8 {[%clk 0:35:53]} 19. Bf3 {[%clk 1:12:03]} Re8
{[%clk 0:34:38]} 20. Rfe1 {[%clk 1:05:31]} Bf8 {[%clk 0:32:27]} 21. d6 {[%clk
1:00:11]} Rac8 {[%clk 0:31:58]} 22. Bd4 {[%clk 1:00:10]} Nd7 {[%clk 0:30:28]}
23. Bb7 {[%clk 0:59:43]} Rcd8 {[%clk 0:27:03]} 24. Bc6 {[%clk 0:55:53]} e5
{[%clk 0:16:50]} 25. Bxd7 {[%clk 0:53:59]} Rxd7 {[%clk 0:17:13]} 26. Bxe5
{[%clk 0:49:52]} Bxd6 {[%clk 0:09:10]} 27. Kf1 {[%clk 0:49:42]} Bb4 {[%clk
0:09:06]} 28. Rxd7 {[%clk 0:50:04]} Bxe1 {[%clk 0:09:31]} 29. f4 {[%clk
0:49:36]} Bh4 {[%clk 0:05:57]} 30. g3 {[%clk 0:42:02]} Bd8 {[%clk 0:05:02]} 31.
Rb7 {[%clk 0:40:34]} b4 {[%clk 0:02:50]} 32. Rb8 {[%clk 0:38:40]} Kf8 {[%clk
0:02:23]} 33. Ra8 {[%clk 0:34:42]} Ke7 {[%clk 0:02:03]} 34. Ke2 {[%clk
0:32:03]} f6 {[%clk 0:01:39]} 35. Bd4 {[%clk 0:32:11]} Kd7+ {[%clk 0:01:50]}
36. Kd3 {[%clk 0:32:15]} Re6 {[%clk 0:02:09]} 37. g4 {[%clk 0:30:32]} Re1
{[%clk 0:00:41]} 38. f5 {[%clk 0:26:12]} gxf5 {[%clk 0:01:07]} 39. gxf5 {[%clk
0:26:35]} Rf1 {[%clk 0:01:06]} 40. Ke4 {[%clk 0:26:13]} Bc7 {[%clk 0:01:02]}
41. Ra7 {[%clk 0:20:55]} Kc8 {[%clk 0:22:45]} 42. Ra6 {[%clk 0:44:35]} Rf4+
{[%clk 0:12:49]} 43. Kd5 {[%clk 0:44:42]} Rxf5+ {[%clk 0:04:02]} 44. Kc6 {[%clk
0:45:02]} Kb8 {[%clk 0:04:25]} 45. Ra7 {[%clk 0:44:21]} Be5 {[%clk 0:03:37]}
46. Rxa5 {[%clk 0:34:07]} Rh5 {[%clk 0:02:07]} 47. Rd5 {[%clk 0:33:15]} Kc8
{[%clk 0:01:34]} 48. Bb6 {[%clk 0:33:34]} 1-0

[Event "Deutsche Ländermeisterschaft 2018"]
[Site "Würzburg GER"]
[Date "2018.10.06"]
[Round "6"]
[White "Polster, Christian"]
[Black "Färber, David"]
[Result "0-1"]
[Termination "normal"]
[Board "1.2"]
[WhiteTitle "FM"]
[WhiteElo "2294"]
[BlackElo "2291"]
[WhiteClock "00:07:11"]
[BlackClock "00:04:09"]
[WhiteTeam "Niedersachsen"]
[BlackTeam "Baden 1"]
[PlyCount "84"]
[WhiteFideId "12965081"]
[BlackFideId "12971294"]
[EventCountry "GER"]
[EventRounds "7"]
[EventType "team-swiss"]
[EventDate "2018.10.02"]

1. e4 {[%clk 1:30:59]} c5 {[%clk 1:30:47]} 2. Nf3 {[%clk 1:31:19]} Nc6 {[%clk
1:31:10]} 3. d4 {[%clk 1:31:43]} cxd4 {[%clk 1:31:33]} 4. Nxd4 {[%clk 1:32:08]}
e6 {[%clk 1:31:53]} 5. Nc3 {[%clk 1:32:26]} Qc7 {[%clk 1:32:08]} 6. Ndb5 {[%clk
1:32:27]} Qb8 {[%clk 1:32:19]} 7. Be3 {[%clk 1:32:35]} a6 {[%clk 1:32:36]} 8.
Bb6 {[%clk 1:32:30]} axb5 {[%clk 1:32:58]} 9. Nxb5 {[%clk 1:32:54]} Bb4+ {[%clk
1:33:14]} 10. c3 {[%clk 1:33:13]} Ba5 {[%clk 1:33:38]} 11. Nc7+ {[%clk
1:33:20]} Qxc7 {[%clk 1:33:51]} 12. Bxc7 {[%clk 1:33:42]} Bxc7 {[%clk 1:34:13]}
13. Qg4 {[%clk 1:33:58]} g6 {[%clk 1:23:22]} 14. Bb5 {[%clk 1:34:07]} d6 {[%clk
1:09:22]} 15. O-O {[%clk 1:30:21]} Nge7 {[%clk 1:03:55]} 16. Qe2 {[%clk
1:26:27]} O-O {[%clk 0:58:58]} 17. a4 {[%clk 1:23:06]} d5 {[%clk 0:55:15]} 18.
b4 {[%clk 1:19:31]} dxe4 {[%clk 0:41:08]} 19. Qxe4 {[%clk 1:17:10]} e5 {[%clk
0:40:55]} 20. a5 {[%clk 1:15:13]} Bf5 {[%clk 0:39:54]} 21. Qe2 {[%clk 0:56:19]}
e4 {[%clk 0:30:18]} 22. a6 {[%clk 0:50:34]} bxa6 {[%clk 0:27:33]} 23. Bxc6
{[%clk 0:41:05]} Nxc6 {[%clk 0:27:43]} 24. Rxa6 {[%clk 0:40:40]} Rxa6 {[%clk
0:26:50]} 25. Qxa6 {[%clk 0:41:00]} Ne5 {[%clk 0:26:21]} 26. c4 {[%clk
0:34:55]} e3 {[%clk 0:21:27]} 27. fxe3 {[%clk 0:31:55]} Ng4 {[%clk 0:21:37]}
28. Rxf5 {[%clk 0:24:19]} Bxh2+ {[%clk 0:20:23]} 29. Kh1 {[%clk 0:23:49]} gxf5
{[%clk 0:20:41]} 30. Qa5 {[%clk 0:23:26]} Be5 {[%clk 0:19:06]} 31. c5 {[%clk
0:21:36]} Bf6 {[%clk 0:14:42]} 32. c6 {[%clk 0:18:26]} Rd8 {[%clk 0:14:29]} 33.
g3 {[%clk 0:17:49]} Rd1+ {[%clk 0:13:59]} 34. Kg2 {[%clk 0:17:56]} Rd2+ {[%clk
0:14:04]} 35. Kf1 {[%clk 0:13:42]} Nxe3+ {[%clk 0:08:24]} 36. Kg1 {[%clk
0:09:30]} Ng4 {[%clk 0:06:55]} 37. Qa8+ {[%clk 0:09:09]} Kg7 {[%clk 0:05:43]}
38. c7 {[%clk 0:09:18]} Bd4+ {[%clk 0:05:38]} 39. Kf1 {[%clk 0:09:36]} Rf2+
{[%clk 0:04:04]} 40. Ke1 {[%clk 0:06:27]} Bc3+ {[%clk 0:04:19]} 41. Kd1 {[%clk
0:06:49]} Ne3+ {[%clk 0:03:53]} 42. Kc1 {[%clk 0:07:11]} Rf1# {[%clk 0:04:09]}
0-1

[Event "Deutsche Ländermeisterschaft 2018"]
[Site "Würzburg GER"]
[Date "2018.10.06"]
[Round "6"]
[White "Schmider, Niklas"]
[Black "Knüdel, Torben"]
[Result "1-0"]
[Termination "normal"]
[Board "1.3"]
[WhiteElo "2190"]
[BlackElo "2135"]
[WhiteClock "00:17:58"]
[BlackClock "00:04:19"]
[WhiteTeam "Baden 1"]
[BlackTeam "Niedersachsen"]
[PlyCount "69"]
[WhiteFideId "12993778"]
[BlackFideId "16208820"]
[EventCountry "GER"]
[EventRounds "7"]
[EventType "team-swiss"]
[EventDate "2018.10.02"]

1. e4 {[%clk 1:30:58]} e5 {[%clk 1:30:53]} 2. Nf3 {[%clk 1:31:12]} Nc6 {[%clk
1:31:16]} 3. Bb5 {[%clk 1:31:37]} a6 {[%clk 1:31:42]} 4. Ba4 {[%clk 1:32:02]}
Nf6 {[%clk 1:32:09]} 5. d3 {[%clk 1:32:21]} b5 {[%clk 1:32:34]} 6. Bb3 {[%clk
1:32:45]} Be7 {[%clk 1:32:56]} 7. O-O {[%clk 1:33:07]} O-O {[%clk 1:32:58]} 8.
Nc3 {[%clk 1:33:19]} d6 {[%clk 1:32:57]} 9. a3 {[%clk 1:33:38]} Rb8 {[%clk
1:33:08]} 10. Nd5 {[%clk 1:31:20]} Nxd5 {[%clk 1:31:21]} 11. Bxd5 {[%clk
1:31:35]} Bd7 {[%clk 1:31:33]} 12. Be3 {[%clk 1:30:25]} Bf6 {[%clk 1:31:01]}
13. b4 {[%clk 1:26:51]} Ne7 {[%clk 1:30:58]} 14. Bb3 {[%clk 1:27:12]} Ng6
{[%clk 1:29:08]} 15. c3 {[%clk 1:25:33]} Bc6 {[%clk 1:23:59]} 16. a4 {[%clk
1:24:14]} Qd7 {[%clk 1:16:41]} 17. h3 {[%clk 1:20:03]} h6 {[%clk 1:09:28]} 18.
Qc2 {[%clk 1:15:47]} d5 {[%clk 1:04:09]} 19. axb5 {[%clk 1:02:48]} axb5 {[%clk
1:04:25]} 20. Ra7 {[%clk 1:02:03]} Ra8 {[%clk 1:00:24]} 21. exd5 {[%clk
0:55:45]} Bxd5 {[%clk 1:00:15]} 22. Bxd5 {[%clk 0:55:09]} Qxd5 {[%clk 0:55:13]}
23. Rxc7 {[%clk 0:52:36]} Ra2 {[%clk 0:51:31]} 24. Qb1 {[%clk 0:49:09]} Rfa8
{[%clk 0:49:58]} 25. Rc5 {[%clk 0:40:14]} Qd7 {[%clk 0:39:19]} 26. d4 {[%clk
0:37:00]} exd4 {[%clk 0:20:52]} 27. Nxd4 Bxd4 {[%clk 0:18:48]} 28. cxd4 {[%clk
0:35:57]} R8a4 {[%clk 0:16:39]} 29. Rfc1 {[%clk 0:34:27]} Ne7 {[%clk 0:10:24]}
30. Qe4 {[%clk 0:26:13]} f5 {[%clk 0:08:26]} 31. Qe5 {[%clk 0:22:39]} Ng6
{[%clk 0:07:40]} 32. Qg3 {[%clk 0:22:03]} Kh7 {[%clk 0:07:49]} 33. Rc7 {[%clk
0:18:02]} Qd5 {[%clk 0:07:57]} 34. R1c6 {[%clk 0:17:56]} Ne7 {[%clk 0:04:19]}
35. Rxe7 {[%clk 0:17:58]} 1-0

[Event "Deutsche Ländermeisterschaft 2018"]
[Site "Würzburg GER"]
[Date "2018.10.06"]
[Round "6"]
[White "Schulze, Lara"]
[Black "Mütsch, Annmarie"]
[Result "1-0"]
[Termination "normal"]
[Board "1.4"]
[WhiteTitle "WFM"]
[WhiteElo "2066"]
[BlackElo "2194"]
[WhiteClock "00:00:41"]
[BlackClock "00:03:38"]
[WhiteTeam "Niedersachsen"]
[BlackTeam "Baden 1"]
[PlyCount "69"]
[WhiteFideId "12956830"]
[BlackFideId "12971367"]
[EventCountry "GER"]
[EventRounds "7"]
[EventType "team-swiss"]
[EventDate "2018.10.02"]

1. e4 {[%clk 1:30:59]} c5 {[%clk 1:30:55]} 2. Nf3 {[%clk 1:31:25]} Nc6 {[%clk
1:31:19]} 3. d4 {[%clk 1:31:49]} cxd4 {[%clk 1:31:43]} 4. Nxd4 {[%clk 1:32:15]}
e5 {[%clk 1:32:07]} 5. Nb5 {[%clk 1:31:50]} d6 {[%clk 1:32:31]} 6. N1c3 {[%clk
1:32:14]} a6 {[%clk 1:32:56]} 7. Na3 {[%clk 1:32:39]} b5 {[%clk 1:33:23]} 8.
Nd5 {[%clk 1:33:02]} Nce7 {[%clk 1:33:47]} 9. c4 {[%clk 1:32:37]} Nxd5 {[%clk
1:32:51]} 10. exd5 {[%clk 1:32:52]} bxc4 {[%clk 1:33:10]} 11. Nxc4 {[%clk
1:32:53]} Be7 {[%clk 1:33:27]} 12. a4 {[%clk 1:26:41]} Nf6 {[%clk 1:31:44]} 13.
a5 {[%clk 1:24:32]} O-O {[%clk 1:30:51]} 14. Be3 {[%clk 1:21:42]} Bb7 {[%clk
1:29:34]} 15. Nb6 {[%clk 1:21:57]} Rb8 {[%clk 1:28:44]} 16. Be2 {[%clk
1:12:48]} Nd7 {[%clk 1:24:30]} 17. O-O {[%clk 1:10:28]} f5 {[%clk 1:23:34]} 18.
f3 {[%clk 1:07:36]} Nf6 {[%clk 1:17:35]} 19. b4 {[%clk 1:04:10]} f4 {[%clk
1:02:06]} 20. Bf2 {[%clk 1:04:23]} Nh5 {[%clk 1:01:58]} 21. b5 {[%clk 0:52:48]}
axb5 {[%clk 1:00:41]} 22. Bxb5 {[%clk 0:41:21]} Bc8 {[%clk 0:49:38]} 23. Nxc8
{[%clk 0:28:24]} Qxc8 {[%clk 0:45:02]} 24. Qd3 {[%clk 0:26:07]} e4 {[%clk
0:36:39]} 25. Qxe4 {[%clk 0:19:13]} Rxb5 {[%clk 0:33:51]} 26. Qxe7 {[%clk
0:19:32]} Qa6 {[%clk 0:28:23]} 27. Qe2 {[%clk 0:13:00]} Nf6 {[%clk 0:26:58]}
28. Rfd1 {[%clk 0:11:30]} Re8 {[%clk 0:25:22]} 29. Qc4 {[%clk 0:10:18]} Rc8
{[%clk 0:18:59]} 30. Qxf4 {[%clk 0:09:04]} Nxd5 {[%clk 0:13:18]} 31. Qf5 {[%clk
0:08:14]} Nc3 {[%clk 0:07:46]} 32. Qe6+ {[%clk 0:08:26]} Kh8 {[%clk 0:07:45]}
33. Rxd6 {[%clk 0:02:28]} Qa8 {[%clk 0:06:57]} 34. Bd4 {[%clk 0:01:09]} Rg5
{[%clk 0:03:38]} 35. Qe7 {[%clk 0:00:41]} 1-0